Иммобилизация радиоактивных отходов методом СВС; Становление и развитие научных исследований в высшей школе; Т. 1

Podrobná bibliografie
Parent link:Становление и развитие научных исследований в высшей школе: сборник трудов Международной научной конференции, посвященной 100-летию со дня рождения профессора А. А. Воробьева, Томск, 14-16 сентября 2009 г./ Российская академия наук (РАН) ; Ассоциация инженерного образования России (АИОР) ; Томский политехнический университет (ТПУ).— , 2009
Т. 1.— 2009.— С. 197-203
Další autoři: Демянюк Д. Г. Дмитрий Георгиевич, Долматов О. Ю. Олег Юрьевич, Исаченко Д. С. Дмитрий Сергеевич, Семенов А. О. Андрей Олегович
Jazyk:ruština
Vydáno: 2009
Témata:
Médium: Kapitola
KOHA link:https://koha.lib.tpu.ru/cgi-bin/koha/opac-detail.pl?biblionumber=194269

MARC

LEADER 00000naa2a2200000 4500
001 194269
005 20240130150612.0
035 |a (RuTPU)RU\TPU\book\211886 
090 |a 194269 
100 |a 20110411d2009 k y0rusy50 ca 
101 0 |a rus 
102 |a RU 
200 1 |a Иммобилизация радиоактивных отходов методом СВС  |f Д. Г. Демянюк [и др.] 
320 |a Библиогр.: с. 202-203 (16 назв.) 
461 1 |0 (RuTPU)RU\TPU\book\209137  |t Становление и развитие научных исследований в высшей школе  |o сборник трудов Международной научной конференции, посвященной 100-летию со дня рождения профессора А. А. Воробьева, Томск, 14-16 сентября 2009 г.  |f Российская академия наук (РАН) ; Ассоциация инженерного образования России (АИОР) ; Томский политехнический университет (ТПУ)  |d 2009 
463 0 |0 (RuTPU)RU\TPU\book\208670  |t Т. 1  |v С. 197-203  |d 2009  |p 398 с. 
610 1 |a радиоактивные отходы 
610 1 |a радионуклиды 
610 1 |a химические элементы 
610 1 |a труды учёных ТПУ 
701 1 |a Демянюк  |b Д. Г.  |c российский ученый, специалист в области физико-энергетических установок  |c доцент Томского политехнического университета, кандидат технических наук  |f 1976-  |g Дмитрий Георгиевич  |3 (RuTPU)RU\TPU\pers\26449 
701 1 |a Долматов  |b О. Ю.  |c физик  |c кандидат физико-математических наук  |f 1967-  |g Олег Юрьевич  |3 (RuTPU)RU\TPU\pers\26450  |9 12153 
701 1 |a Исаченко  |b Д. С.  |c российский ученый, специалист в области физико-энергетических установок  |c старший преподаватель Томского политехнического университета, кандидат физико-математических наук  |f 1982-  |g Дмитрий Сергеевич  |3 (RuTPU)RU\TPU\pers\26454 
701 1 |a Семенов  |b А. О.  |c физик  |c старший преподаватель Томского политехнического университета  |f 1984-  |g Андрей Олегович  |3 (RuTPU)RU\TPU\pers\26464  |9 12167 
801 1 |a RU  |b 63413507  |c 20110411 
801 2 |a RU  |b 63413507  |c 20140403  |g RCR 
942 |c BK